[Event "ITA-ch sf 81st"]
[Site "Acqui Terme"]
[Date "2022.06.12"]
[Round "1"]
[White "Miotto, Alberto"]
[Black "Carnicelli, Valerio"]
[Result "0-1"]
[WhiteElo "2039"]
[BlackElo "2324"]
[PlyCount "88"]
[EventDate "2022.06.12"]
[EventType "swiss"]
[EventRounds "9"]
[EventCountry "ITA"]
[SourceTitle "CBM 208 Extra"]
[Source "ChessBase"]
[SourceDate "2022.07.31"]
[SourceVersion "1"]
[SourceVersionDate "2022.07.31"]
[SourceQuality "1"]

1. d4 Nf6 2. c4 g6 3. Nc3 Bg7 4. Nf3 0-0 5. g3 d6 6. Bg2 c5 7. 0-0 Nc6 8. d5 Na5 9. Nd2 e6 10. Qc2 Re8 11. Rb1 Rb8 12. a3 exd5 13. cxd5 c4 14. b4 cxb3 15. Nxb3 Bd7 16. Nxa5 Qxa5 17. Bb2 Rbc8 18. Qd3 Qa6 19. Qxa6 bxa6 20. h3 Rc7 21. e3 Rec8 22. Ne2 Bf5 23. e4 Bxe4 24. Bxe4 Nxe4 25. Bxg7 Kxg7 26. Rb4 Nf6 27. Ra4 Re8 28. Nf4 Re5 29. Rxa6 g5 30. Ng2 Ne4 31. Ne3 Nxg3 32. Re1 Nf5 33. Nxf5+ Rxf5 34. Rxd6 Rc2 35. Rd7 Rfxf2 36. Ree7 Kg6 37. Rxa7 Rg2+ 38. Kf1 Rcf2+ 39. Ke1 Ra2 40. Kf1 Rgf2+ 41. Kg1 Rg2+ 42. Kf1 Rgd2 43. Ra6+ f6 44. d6 h5 0-1

[Event "Trieste op 23rd"]
[Site "Trieste"]
[Date "2021.08.29"]
[Round "2"]
[White "Miotto, Alberto"]
[Black "Hercegovac, Neven"]
[Result "1-0"]
[WhiteElo "1979"]
[BlackElo "2129"]
[PlyCount "95"]
[EventDate "2021.08.28"]
[EventType "swiss"]
[EventRounds "9"]
[EventCountry "ITA"]
[SourceTitle "CBM 204 Extra"]
[Source "ChessBase"]
[SourceDate "2021.11.30"]
[SourceVersion "1"]
[SourceVersionDate "2021.11.30"]
[SourceQuality "1"]

1. e4 g6 2. d4 Bg7 3. Nc3 d6 4. h4 h6 5. Be3 a6 6. h5 g5 7. Qd2 b5 8. a4 b4 9. Nce2 a5 10. c3 bxc3 11. Nxc3 Nf6 12. f3 Nc6 13. Bb5 Bd7 14. Nge2 Nb4 15. d5 Bxb5 16. axb5 Nd7 17. 0-0 Ne5 18. b3 e6 19. Ra4 0-0 20. Nd4 Qe8 21. Rfa1 exd5 22. Nxd5 Nxd5 23. exd5 f5 24. Ne6 f4 25. Bd4 Qxh5 26. Rxa5 Rxa5 27. Rxa5 Rf7 28. Ra8+ Kh7 29. Bxe5 Bxe5 30. Qd3+ Qg6 31. Nf8+ Rxf8 32. Qxg6+ Kxg6 33. Rxf8 h5 34. Kf1 Bd4 35. Ke2 Be3 36. Kd3 g4 37. Ke4 Kg5 38. Rf7 Kh4 39. Rxf4 Bxf4 40. Kxf4 gxf3 41. g3+ Kh3 42. Kxf3 Kh2 43. g4 hxg4+ 44. Kxg4 Kg2 45. b6 cxb6 46. Kf5 Kf3 47. Ke6 Ke4 48. Kxd6 1-0

[Event "Bassano del Grappa Vergani Cup 5th"]
[Site "Bassano del Grappa"]
[Date "2020.12.26"]
[Round "1"]
[White "Moroni, Luca Jr"]
[Black "Miotto, Alberto"]
[Result "1-0"]
[WhiteElo "2562"]
[BlackElo "2052"]
[PlyCount "43"]
[EventDate "2020.12.26"]
[EventType "swiss"]
[EventRounds "9"]
[EventCountry "ITA"]
[SourceTitle "CBM 200 Extra"]
[Source "ChessBase"]
[SourceDate "2021.03.31"]
[SourceVersion "1"]
[SourceVersionDate "2021.03.31"]
[SourceQuality "1"]

1. c4 e6 2. Nc3 d5 3. d4 Nf6 4. cxd5 exd5 5. Bg5 c6 6. e3 Nbd7 7. Bd3 Be7 8. h3 Ne4 9. Bxe7 Qxe7 10. Bxe4 dxe4 11. Qg4 Nf6 12. Qxg7 Rg8 13. Qh6 Rxg2 14. Nge2 Rg6 15. Qh4 Be6 16. 0-0-0 0-0-0 17. Nf4 Bc4 18. Nxg6 hxg6 19. Kb1 Qe6 20. Ka1 Bd3 21. Rhg1 Nd7 22. f3 1-0

[Event "Lignano Sabbiadoro op 6th"]
[Site "Lignano Sabbiadoro"]
[Date "2020.08.04"]
[Round "4"]
[White "Miotto, Alberto"]
[Black "Damia, Angelo"]
[Result "0-1"]
[WhiteElo "1947"]
[BlackElo "2289"]
[PlyCount "36"]
[EventDate "2020.08.01"]
[EventType "swiss"]
[EventRounds "9"]
[EventCountry "ITA"]
[SourceTitle "EXT 2021"]
[Source "ChessBase"]
[SourceDate "2020.10.23"]
[SourceVersion "1"]
[SourceVersionDate "2020.10.23"]
[SourceQuality "1"]

1. Nf3 Nf6 2. c4 e6 3. d4 d5 4. g3 dxc4 5. Bg2 b5 6. a4 c6 7. Ne5 Nd5 8. 0-0 Bd6 9. b3 cxb3 10. Qxb3 b4 11. e4 Nb6 12. a5 Bxe5 13. dxe5 Qd4 14. axb6 Qxa1 15. Qxb4 axb6 16. Bg5 c5 17. Qxb6 0-0 18. Qxc5 Nd7 0-1

[Event "Porto San Giorgio op"]
[Site "Porto San Giorgio"]
[Date "2019.08.31"]
[Round "9"]
[White "Granaldi, Alessandro"]
[Black "Miotto, Alberto"]
[Result "0-1"]
[WhiteElo "2111"]
[BlackElo "1950"]
[PlyCount "88"]
[EventDate "2019.08.24"]
[EventType "swiss"]
[EventRounds "9"]
[EventCountry "ITA"]
[SourceTitle "EXT 2020"]
[Source "ChessBase"]
[SourceDate "2019.10.17"]
[SourceVersion "1"]
[SourceVersionDate "2019.10.17"]
[SourceQuality "1"]

1. d4 d5 2. c4 e6 3. Nc3 Nf6 4. cxd5 exd5 5. Bg5 Be7 6. Qc2 Nbd7 7. e3 c6 8. Bd3 Nh5 9. Bxe7 Qxe7 10. 0-0-0 g6 11. Nf3 Nb6 12. h3 Be6 13. g4 Nf6 14. Kb1 0-0-0 15. Ne5 h5 16. Na4 hxg4 17. Nxc6 bxc6 18. Qxc6+ Qc7 19. Nxb6+ axb6 20. Qa8+ Kd7 21. Qa4+ Ke7 22. Rc1 Qd6 23. Rc6 Bd7 24. Rhc1 Bxc6 25. Rxc6 Qb8 26. e4 dxe4 27. Qb5 exd3 28. Rxb6 Qxb6 29. Qxb6 gxh3 30. Qc5+ Rd6 31. Qe5+ Re6 32. Qc5+ Ke8 33. Qc8+ Ke7 34. Qc5+ Rd6 35. Qe5+ Kd7 36. Qb5+ Kc7 37. Qc5+ Rc6 38. Qa7+ Kd6 39. Qxf7 Nd7 40. Qf4+ Ke7 41. Qg5+ Rf6 42. Qe3+ Kf7 43. Qxd3 h2 44. Qc4+ Kg7 0-1

[Event "Porto San Giorgio op"]
[Site "Porto San Giorgio"]
[Date "2019.08.28"]
[Round "6"]
[White "Miotto, Alberto"]
[Black "Paduano, Claudio"]
[Result "0-1"]
[WhiteElo "1950"]
[BlackElo "2048"]
[PlyCount "28"]
[EventDate "2019.08.24"]
[EventType "swiss"]
[EventRounds "9"]
[EventCountry "ITA"]
[SourceTitle "EXT 2020"]
[Source "ChessBase"]
[SourceDate "2019.10.17"]
[SourceVersion "1"]
[SourceVersionDate "2019.10.17"]
[SourceQuality "1"]

1. Nf3 d5 2. d4 Nf6 3. c4 e6 4. g3 Be7 5. Bg2 0-0 6. 0-0 dxc4 7. Ne5 Nc6 8. Bxc6 bxc6 9. Nxc6 Qe8 10. Nxe7+ Qxe7 11. Qc2 e5 12. Rd1 Rd8 13. dxe5 Bh3 14. exf6 Qe4 0-1

[Event "Verona op-B"]
[Site "Verona"]
[Date "2019.01.04"]
[Round "4"]
[White "Miotto, Alberto"]
[Black "Cordioli, Luca"]
[Result "1-0"]
[WhiteElo "1896"]
[BlackElo "1773"]
[PlyCount "71"]
[EventDate "2019.01.02"]
[EventType "swiss"]
[EventRounds "7"]
[EventCountry "ITA"]
[SourceTitle "CBM 188 Extra"]
[Source "ChessBase"]
[SourceDate "2019.02.26"]
[SourceVersion "1"]
[SourceVersionDate "2019.02.26"]
[SourceQuality "1"]

1. d4 Nf6 2. c4 g6 3. Nc3 Bg7 4. Nf3 d6 5. g3 c6 6. Bg2 0-0 7. 0-0 Nbd7 8. e4 e5 9. Qc2 exd4 10. Nxd4 Ne5 11. b3 Qb6 12. Nde2 Bg4 13. Be3 Qc7 14. f4 Bxe2 15. Qxe2 Neg4 16. Bd2 Rfe8 17. h3 Nxe4 18. Bxe4 Nf6 19. Qd3 Nxe4 20. Nxe4 Bxa1 21. Rxa1 Re6 22. Qd4 Qb6 23. c5 Rxe4 24. Qxe4 Qxc5+ 25. Qe3 Qxe3+ 26. Bxe3 c5 27. Rd1 Re8 28. Kf2 Re6 29. Re1 Kg7 30. Kf3 d5 31. Bf2 b6 32. Rxe6 fxe6 33. Be1 b5 34. Bf2 d4 35. b4 cxb4 36. Bxd4+ 1-0